Postaw na milion 113 - Statystyki

Ogólne statystyki
  • Ten quiz został rozwiązany 18 razy
  • Średni wynik to 7 z 12
Statystyki odpowiedzi
Zagadnienie Odpowiedź % Poprawnych
Skoro wlazłeś między wrony, to co musisz robić tak jak one? krakać
94%
Polacy pytani przez TNS Polska w 2015 roku o to, czego najbardziej nie lubią w wiosennych porządkach, najczęściej odpowiadali... mycia okien
83%
Zabójcą starej lichwiarki Alony Iwanowny był u Dostojewskiego... Raskolnikow
78%
Kto był Bondem w filmie, w którym jego dziewczynę zagrała polska aktorka, Izabella Scorupco? Pierce Brosnan
72%
Kogo nazywano kantorem? przodownika chóru kościelnego
67%
Która z tych wielkich gwiazd amerykańskiego kina zmarła najpóźniej? Elizabeth Taylor
61%
Który z tych festiwali muzycznych odbywa się w Kostrzynie nad Odrą? Przystanek Woodstock
56%
Który z filmów animowanych był pierwszym stworzonym wyłącznie za pomocą komputera? Toy Story
56%
Który z tych napojów był w Polsce produkowany wcześniej? coca-cola
50%
Dorzecze, której z tych rzek nie obejmuje żadnego fragmentu terytorium Polski? Dniepru
50%
Gdzie wg raportu Europejskiej Rady Bezpieczeństwa Transportu z 2015 roku, piesi użytkownicy dróg mogą się czuć najbezpieczniej? w Holandii
44%
Która z tych najwyższych budowli na terenie Polski jest wyższa od pozostałych? najwyższa budowla drewniana
11%
Nie znaleziono quizów pasujących do podanych kryteriów
Rozkład punktacji
Procent ludzi z każdym wynikiem
Percentyl według liczby udzielonych odpowiedzi
Twoja historia wyników
Nie rozwiązałeś tego quizu